000 00382nam a2200145Ia 4500
008 210719s1921 xx 000 0 und d
041 _aeng
082 _a821.8 TENP
100 _aTENNYSON (Alfred Lord)
245 _aPoetical works of Alfred Lord Tennyson.
260 _aLondon
_bMacmillan & Co. Ltd.
_c1921
300 _aviii,645
_bHB
365 _cRs
650 _aEnglish Poetry
999 _c214105
_d214105